| 000 | 00846nam a2200289Ia 4500 | ||
|---|---|---|---|
| 003 | OSt | ||
| 005 | 20220912145348.0 | ||
| 006 | a|||||r|||| 00| 0 | ||
| 007 | ta | ||
| 008 | 220909b |||||||| |||| 00| 0 eng d | ||
| 020 | _a9783527315499 (hbd) | ||
| 024 | _a82782 | ||
| 037 | _b1639, 19/12/2008, New India | ||
| 037 | _cTextbook | ||
| 040 |
_aCSL _beng _cCSL |
||
| 041 | _aeng | ||
| 082 | _aC215, P8 TC | ||
| 100 | _aBourhis Eric Le | ||
| 245 | 0 | _aGlass:mechanics and technology | |
| 260 |
_aWeinheim Wiley _bVCH Verlag GmbH & Co. KGaA _c2008 |
||
| 300 |
_axxiv, 366p. _ccm. |
||
| 500 | _aGlossary 351-352p.; References 353-360p.; Index 361-366p. | ||
| 650 | _a Mechanics | ||
| 650 | _aPhysics | ||
| 942 |
_hC215, P8 TC _cTB _2CC |
||
| 999 |
_c29955 _d29955 |
||